trouve l'album grâce a sa pochette - Rock - Statistiques

Statistiques générales
  • Ce quiz a été pris 108 fois
  • Le résultat moyen est 5 sur 20
Statistiques - réponses
Par images Réponse % Correct
Nevermind
91%
Californication
70%
Led Zeppelin
41%
Black Album
38%
Kill 'em all
28%
Black sabbath
27%
Use your illusion
27%
Ten
21%
Audioslave
20%
White pony
17%
Dummy
16%
Cowboys from Hell
14%
Alice in chains
13%
By the way
13%
One more light
13%
Jar of flies
12%
Issues
9%
Significant Other
9%
Let it bled
7%
Me and Mr.Johnson
2%
Aucun quiz correspondant
Distribution des résultats
% des personnes avec chaque résultat
Percentile par nombre de réponses
Votre historique - résultats
Vous n’avez pas pris ce quiz